| 000 | 00453nam a2200145Ia 4500 | ||
|---|---|---|---|
| 008 | 220216s9999 xx 000 0 und d | ||
| 100 | _aSivanandayan K | ||
| 245 | 0 | _aNutrition of Hevea brasiliensis in relation to ethrel stimulation | |
| 260 | _bProceedings of the RRIM Planters Conference, Kuala Lumpur, 1972; p83-95 | ||
| 650 | _aEthrel stimulation | ||
| 650 | _aHevea brasiliensis | ||
| 700 | _aChin P T | ||
| 700 | _aPushparajah E | ||
| 942 | _cJS | ||
| 999 |
_c64255 _d64255 |
||